Arcade - All Lyrics - Statistics

General Stats
  • This quiz has been taken 314 times
  • The average score is 137 of 193
Answer Stats
Answer % Correct
I
100%
A
99%
a
99%
all
96%
All
96%
is
94%
game
92%
you
90%
losing
89%
in
85%
know
85%
Loving
85%
loving
85%
the
85%
to
83%
arcade
82%
carry
81%
heart
80%
of
79%
broken
78%
left
78%
I'm
77%
home
76%
Small
76%
big
75%
boy
75%
town
74%
that's
73%
it
72%
addicted
71%
We
71%
love
70%
me
70%
still
69%
Still
69%
am
68%
carried
67%
got
67%
were
67%
when
67%
always
65%
My
65%
my
65%
Lost
64%
pieces
64%
afraid
63%
fixing
63%
couple
62%
cracks
61%
spent
61%
I've
58%
like
56%
mind
56%
Please
52%
feels
51%
head
50%
land
49%
saved
49%
foreign
47%
inside
47%
on
47%
Silence
45%
How
41%
ringing
41%
many
39%
your
37%
take
36%
pennies
35%
Giving
33%
slot
33%
lot
32%
up
32%
us
32%
this
31%
don't
30%
games
30%
over
30%
didn't
29%
Get
29%
need
29%
rollercoaster
28%
end
25%
off
25%
saw
25%
before
22%
begun
21%
Oh-oh-oh
14%
oh-oh-oh
14%
No matching quizzes found
Score Distribution
Percent of People with Each Score
Percentile by Number Answered
Your Score History
You have not taken this quiz